[Event "Titled Tuesday intern op 25th Jul Early"]
[Site "Chess.com INT"]
[Date "2023.07.25"]
[Round "2"]
[White "Putnam, Liam H"]
[Black "Yashmetov, Mikhail"]
[Result "1-0"]
[WhiteElo "2293"]
[BlackElo "2307"]
[PlyCount "61"]
[EventDate "2023.07.25"]
[EventType "swiss (blitz)"]
[EventRounds "11"]
[EventCountry "USA"]
[SourceTitle "EXT 2024"]
[Source "ChessBase"]
[SourceDate "2023.10.10"]
[SourceVersion "1"]
[SourceVersionDate "2023.10.10"]
[SourceQuality "1"]

1. d4 Nf6 2. Nc3 d5 3. Bf4 g6 4. e3 Bg7 5. h4 h5 6. Nf3 0-0 7. Ne5 c5 8. dxc5 Qa5 9. Qd4 Ne4 10. b4 Qa3 11. Nxd5 f5 12. Nxe7+ Kh7 13. N7xg6 Rf6 14. Ne7 Nc6 15. N7xc6 bxc6 16. Bd3 Rb8 17. Nxc6 Rxc6 18. Be5 Rxb4 19. Qd5 Rxc5 20. Qf7 Rxe5 21. Qxh5+ Kg8 22. 0-0 Bd7 23. Rfd1 Be8 24. Qe2 Nc3 25. Bc4+ Kh7 26. Qd3 Nxd1 27. Qxa3 Rb6 28. Rxd1 Rg6 29. Rd6 Rxd6 30. Qxd6 Bf7 31. Bxf7 1-0

[Event "Titled Tuesday intern op 25th Jul Early"]
[Site "Chess.com INT"]
[Date "2023.07.25"]
[Round "4"]
[White "Rodchenkov, Sergey D"]
[Black "Yashmetov, Mikhail"]
[Result "0-1"]
[WhiteElo "2346"]
[BlackElo "2307"]
[PlyCount "92"]
[EventDate "2023.07.25"]
[EventType "swiss (blitz)"]
[EventRounds "11"]
[EventCountry "USA"]
[SourceTitle "EXT 2024"]
[Source "ChessBase"]
[SourceDate "2023.10.10"]
[SourceVersion "1"]
[SourceVersionDate "2023.10.10"]
[SourceQuality "1"]

1. e4 c5 2. Nf3 Nc6 3. d4 cxd4 4. Nxd4 Nf6 5. Nc3 e5 6. Ndb5 d6 7. Nd5 Nxd5 8. exd5 Nb8 9. a4 Be7 10. Be2 0-0 11. 0-0 Nd7 12. a5 a6 13. Nc3 f5 14. f4 Bf6 15. Kh1 exf4 16. Bxf4 Ne5 17. Ra3 Bd7 18. b4 Rc8 19. Na4 Bxa4 20. Rxa4 Rc3 21. b5 axb5 22. Bxb5 Qc7 23. a6 bxa6 24. Rxa6 Rxc2 25. Bc6 Rc5 26. Be3 Rc3 27. Bd4 Rc4 28. Ra7 Qc8 29. Bxe5 Bxe5 30. Ra8 Qc7 31. Rxf8+ Kxf8 32. Rxf5+ Bf6 33. Rf1 Re4 34. Qd2 Qe7 35. Rb1 Qe5 36. Qa5 g6 37. h3 Kg7 38. Qd2 Bg5 39. Qb4 Rxb4 40. Rxb4 Qe1+ 41. Kh2 Qxb4 42. h4 Qf4+ 43. g3 Qf2+ 44. Kh3 Be3 45. Kg4 Bd2 46. Kh3 Be1 0-1

[Event "Titled Tuesday intern op 25th Jul Early"]
[Site "Chess.com INT"]
[Date "2023.07.25"]
[Round "1"]
[White "Vakhlamov, Igor L"]
[Black "Yashmetov, Mikhail"]
[Result "1-0"]
[WhiteElo "2413"]
[BlackElo "2307"]
[PlyCount "83"]
[EventDate "2023.07.25"]
[EventType "swiss (blitz)"]
[EventRounds "11"]
[EventCountry "USA"]
[SourceTitle "EXT 2024"]
[Source "ChessBase"]
[SourceDate "2023.10.10"]
[SourceVersion "1"]
[SourceVersionDate "2023.10.10"]
[SourceQuality "1"]

1. e4 c5 2. Nf3 Nc6 3. Nc3 e5 4. Bc4 d6 5. d3 Be7 6. h3 Nf6 7. Nh2 0-0 8. Ng4 Be6 9. Ne3 Nd4 10. 0-0 Rb8 11. a4 a6 12. Ncd5 b5 13. Nxf6+ Bxf6 14. Bd5 b4 15. c3 bxc3 16. bxc3 Nb3 17. Rb1 Nxc1 18. Qxc1 Bg5 19. Bxe6 fxe6 20. Qc2 Bxe3 21. fxe3 Qg5 22. Qe2 Rxf1+ 23. Rxf1 h6 24. Qf2 Qg6 25. a5 Kh7 26. Qa2 Qg5 27. Rf3 Qe7 28. Kh2 Kg8 29. Rf2 Rf8 30. Rxf8+ Kxf8 31. Qc4 Qg5 32. Qxa6 Qxe3 33. Qxd6+ Kf7 34. Qxe5 Qxd3 35. Qxc5 Qxe4 36. Qc7+ Kg6 37. a6 e5 38. Qb6+ Kh7 39. Qf2 Qa4 40. a7 Kg6 41. Qg3+ Kf6 42. Qf3+ 1-0

[Event "Titled Tuesday intern op 10th Jan Late"]
[Site "Chess.com INT"]
[Date "2023.01.10"]
[Round "4"]
[White "Jaferian, Koosha"]
[Black "Yashmetov, Mikhail"]
[Result "1-0"]
[WhiteElo "2220"]
[BlackElo "2323"]
[PlyCount "85"]
[EventDate "2023.01.10"]
[EventType "swiss (blitz)"]
[EventRounds "11"]
[EventCountry "USA"]
[SourceTitle "EXT 2024"]
[Source "ChessBase"]
[SourceDate "2023.10.10"]
[SourceVersion "1"]
[SourceVersionDate "2023.10.10"]
[SourceQuality "1"]

1. Nf3 Nf6 2. b3 g6 3. Bb2 Bg7 4. g3 0-0 5. Bg2 d5 6. c4 c5 7. cxd5 Nxd5 8. Bxg7 Kxg7 9. Qc1 Qd6 10. Nc3 Nf6 11. 0-0 Bd7 12. Rd1 e5 13. d3 Nc6 14. Ng5 b6 15. Nge4 Nxe4 16. Nxe4 Qe7 17. a3 Nd4 18. Qb2 Rac8 19. b4 c4 20. dxc4 Rxc4 21. e3 Rc2 22. Qb1 Ne2+ 23. Kh1 Rfc8 24. Qb3 Be6 25. Qd3 Rb2 26. Rd2 Nc1 27. Qa6 Rcc2 28. Rxc2 Rxc2 29. Qf1 Bc4 30. Qd1 Nb3 31. Qxc2 Nxa1 32. Qxc4 Qd8 33. Nc3 Qd2 34. Kg1 Qe1+ 35. Bf1 Nc2 36. Qd3 Nxa3 37. Nd5 Nb1 38. Kg2 Nd2 39. Be2 e4 40. Qd4+ f6 41. Qxf6+ Kh6 42. Qf8+ Kg5 43. h4# 1-0

[Event "Titled Tuesday intern op 10th Jan Late"]
[Site "Chess.com INT"]
[Date "2023.01.10"]
[Round "8"]
[White "Yashmetov, Mikhail"]
[Black "Guimaraes, Wagner Peixoto"]
[Result "1-0"]
[WhiteElo "2323"]
[BlackElo "2199"]
[PlyCount "87"]
[EventDate "2023.01.10"]
[EventType "swiss (blitz)"]
[EventRounds "11"]
[EventCountry "USA"]
[SourceTitle "EXT 2024"]
[Source "ChessBase"]
[SourceDate "2023.10.10"]
[SourceVersion "1"]
[SourceVersionDate "2023.10.10"]
[SourceQuality "1"]

1. d4 Nf6 2. c4 e6 3. g3 d5 4. Bg2 Be7 5. Nf3 0-0 6. 0-0 dxc4 7. Ne5 Nc6 8. Nxc6 bxc6 9. e3 Nd5 10. Qa4 Rb8 11. Rd1 Rb4 12. Qc2 Ba6 13. Na3 Qb8 14. Rb1 Rd8 15. Bd2 Rb6 16. Nxc4 Bxc4 17. Qxc4 Rxb2 18. Rxb2 Qxb2 19. Qxc6 Bd6 20. Bxd5 exd5 21. Qxd5 Rb8 22. Qc4 h6 23. e4 Bb4 24. Bf4 Ba5 25. e5 Rb4 26. Qc5 Qe2 27. Rf1 Rb5 28. Qe7 Bc3 29. Qe8+ Kh7 30. Qxf7 Bxd4 31. Qf5+ Kg8 32. Qc8+ Kh7 33. e6 Rb2 34. e7 Bxf2+ 35. Kg2 Qe4+ 36. Kh3 Qf3 37. Qg4 Qe4 38. e8Q Qxe8 39. Qf5+ Qg6 40. Qxg6+ Kxg6 41. Kg4 Rxa2 42. Bxc7 Bb6 43. Bf4 Ra4 44. Kf3 1-0

[Event "Titled Tuesday intern op 03rd Jan Late"]
[Site "Chess.com INT"]
[Date "2023.01.03"]
[Round "4"]
[White "Graham, Nathaniel"]
[Black "Yashmetov, Mikhail"]
[Result "1-0"]
[WhiteElo "2262"]
[BlackElo "2323"]
[PlyCount "107"]
[EventDate "2023.01.03"]
[EventType "swiss (blitz)"]
[EventRounds "11"]
[EventCountry "USA"]
[SourceTitle "EXT 2024"]
[Source "ChessBase"]
[SourceDate "2023.10.10"]
[SourceVersion "1"]
[SourceVersionDate "2023.10.10"]
[SourceQuality "1"]

1. e4 c5 2. Nf3 Nc6 3. d4 cxd4 4. Nxd4 Nf6 5. Nc3 e5 6. Ndb5 d6 7. Bg5 a6 8. Na3 b5 9. Nd5 Be7 10. Bxf6 Bxf6 11. c3 0-0 12. Nc2 Bg5 13. Be2 Be6 14. Ncb4 Nxb4 15. Nxb4 Qd7 16. a4 Qb7 17. axb5 axb5 18. Rxa8 Rxa8 19. 0-0 Rd8 20. Qd3 Bc4 21. Qf3 Be6 22. Rd1 g6 23. Nd5 f5 24. exf5 Bxd5 25. Rxd5 Rf8 26. Rxb5 Qxf3 27. Bxf3 gxf5 28. Bd5+ Kg7 29. Rb7+ Kg6 30. g3 f4 31. Be4+ Kf6 32. Rxh7 Rb8 33. Rb7 Rxb7 34. Bxb7 Ke6 35. c4 Bd8 36. Bd5+ Kd7 37. gxf4 exf4 38. Kg2 Bf6 39. b4 Bc3 40. b5 Bd4 41. Kf3 Be5 42. h4 Bd4 43. h5 Ke7 44. Kxf4 Bxf2 45. h6 Kf6 46. h7 Kg7 47. Be4 Bd4 48. Kf3 Kh8 49. Bf5 Bb6 50. Ke4 Kg7 51. Kd5 Bc5 52. Kc6 Bd4 53. b6 Kf7 54. b7 1-0

[Event "Titled Tuesday intern op 03rd Jan Late"]
[Site "Chess.com INT"]
[Date "2023.01.03"]
[Round "6"]
[White "Vifleemskaia, Svetlana"]
[Black "Yashmetov, Mikhail"]
[Result "1/2-1/2"]
[WhiteElo "1947"]
[BlackElo "2323"]
[PlyCount "194"]
[EventDate "2023.01.03"]
[EventType "swiss (blitz)"]
[EventRounds "11"]
[EventCountry "USA"]
[SourceTitle "EXT 2024"]
[Source "ChessBase"]
[SourceDate "2023.10.10"]
[SourceVersion "1"]
[SourceVersionDate "2023.10.10"]
[SourceQuality "1"]

1. d4 Nf6 2. c4 g6 3. Nc3 Bg7 4. e4 d6 5. Nge2 0-0 6. Ng3 e5 7. d5 a5 8. Be2 Na6 9. Be3 Nc5 10. 0-0 Bd7 11. Rb1 c6 12. Qd2 Ng4 13. Bxg4 Bxg4 14. f3 Bd7 15. Rfd1 cxd5 16. Bxc5 dxc5 17. Qxd5 Be6 18. Qxc5 Qg5 19. b3 h5 20. Nd5 h4 21. Nf1 f5 22. Qe7 Qxe7 23. Nxe7+ Kf7 24. Nd5 Rfd8 25. Nc7 Rd4 26. Nxe6 Kxe6 27. Ne3 fxe4 28. fxe4 Rxe4 29. Nd5 Rf8 30. Rf1 Rf5 31. Rbe1 Rxe1 32. Rxe1 Bh6 33. Re4 g5 34. Ne3 Rf8 35. Nd5 Rf7 36. Ne3 Bf8 37. h3 Bc5 38. Kh2 Rf4 39. Rxf4 exf4 40. Nd5 Ke5 41. g4 fxg3+ 42. Kg2 Ke4 43. Nc7 Kf5 44. Nd5 Bd4 45. Ne7+ Ke6 46. Nd5 Kf5 47. Ne7+ Kf4 48. Nd5+ Ke5 49. Ne7 Be3 50. Ng6+ Kf5 51. Ne7+ Kf6 52. Nd5+ Ke5 53. Kf3 Bf4 54. Ne7 Kf6 55. Nd5+ Kf5 56. Ne7+ Ke5 57. Nd5 Bc1 58. Ne7 Kd4 59. Nf5+ Kc3 60. Nd6 Kb2 61. Nxb7 Kxa2 62. Nxa5 Bd2 63. Nc6 Kxb3 64. Ne5 Bc3 65. Nf7 g4+ 66. hxg4 Kxc4 67. Nd6+ Kd5 68. Nf5 Be5 69. Nxh4 Ke6 70. Ng2 Kf6 71. Ne3 Kg5 72. Nf5 Bb8 73. Nxg3 Kh4 74. Nf5+ Kg5 75. Ng3 Be5 76. Ne4+ Kg6 77. Ng3 Bc7 78. Ne4 Bb8 79. Ng3 Ba7 80. Ne4 Bb6 81. Ng3 Bc7 82. Nf5 Kg5 83. Ne3 Bf4 84. Nd5 Be5 85. Ne3 Bd4 86. Nc4 Bc5 87. Ne5 Be7 88. Nf7+ Kf6 89. Nh8 Kg7 90. Kf4 Bd6+ 91. Kf5 Kxh8 92. Kg6 Kg8 93. g5 Bf4 94. Kf5 Bc1 95. g6 Bb2 96. g7 Kf7 97. g8Q+ Kxg8 1/2-1/2

[Event "Titled Tuesday intern op 03rd Jan Late"]
[Site "Chess.com INT"]
[Date "2023.01.03"]
[Round "8"]
[White "Yashmetov, Mikhail"]
[Black "Pino Perez, Lazaro"]
[Result "1-0"]
[WhiteElo "2323"]
[BlackElo "2142"]
[PlyCount "131"]
[EventDate "2023.01.03"]
[EventType "swiss (blitz)"]
[EventRounds "11"]
[EventCountry "USA"]
[SourceTitle "EXT 2024"]
[Source "ChessBase"]
[SourceDate "2023.10.10"]
[SourceVersion "1"]
[SourceVersionDate "2023.10.10"]
[SourceQuality "1"]

1. d4 d5 2. c4 e6 3. g3 Nf6 4. Bg2 dxc4 5. Nf3 c5 6. 0-0 Nc6 7. Ne5 Bd7 8. Na3 cxd4 9. Naxc4 Be7 10. Bf4 Rc8 11. Qb3 Nd5 12. Qxb7 Nxe5 13. Nxe5 Rc7 14. Qb3 Nxf4 15. gxf4 0-0 16. Rfd1 Qb8 17. Qxb8 Rxb8 18. Rxd4 Bb5 19. Rd2 Bb4 20. Rd4 Bc5 21. Rd2 Bb4 22. Rd4 Bc5 23. Rdd1 Bxe2 24. Rd2 Bb5 25. Rad1 Be7 26. b3 h5 27. Bf3 g6 28. Be2 Be8 29. Bc4 Kg7 30. a4 a5 31. Nf3 Bxa4 32. Bxe6 Bxb3 33. Bxb3 Rxb3 34. Ne5 a4 35. Rd7 Rbb7 36. Rxc7 Rxc7 37. Rd4 a3 38. Ra4 Rc2 39. Kg2 Bc5 40. Nd3 Bf8 41. Nb4 Rc4 42. Rxa3 Rxb4 43. Rf3 Kf6 44. f5 g5 45. Rc3 Kxf5 46. Rd3 Be7 47. h3 Re4 48. Rd5+ Kg6 49. Rb5 Bd6 50. Rb6 Re6 51. Rb5 Re5 52. Rb6 Rd5 53. Ra6 Kf5 54. Rc6 Bc5 55. Kf1 f6 56. Ke1 Bb4+ 57. Ke2 Bc5 58. Ke1 Re5+ 59. Kf1 Bd4 60. Rc4 Bc5 61. Rc2 Bd6 62. Rc4 Ke6 63. Kg2 Rd5 64. Ra4 Rd2 65. Ra6 Rc2 66. Rb6 1-0

[Event "Titled Tuesday intern op 03rd Jan Late"]
[Site "Chess.com INT"]
[Date "2023.01.03"]
[Round "5"]
[White "Yashmetov, Mikhail"]
[Black "Vlassov, Nikolai"]
[Result "0-1"]
[WhiteElo "2323"]
[BlackElo "2283"]
[PlyCount "100"]
[EventDate "2023.01.03"]
[EventType "swiss (blitz)"]
[EventRounds "11"]
[EventCountry "USA"]
[SourceTitle "EXT 2024"]
[Source "ChessBase"]
[SourceDate "2023.10.10"]
[SourceVersion "1"]
[SourceVersionDate "2023.10.10"]
[SourceQuality "1"]

1. d4 Nf6 2. c4 Nc6 3. Nf3 e6 4. Nc3 Bb4 5. Bd2 0-0 6. g3 d6 7. Bg2 e5 8. d5 Ne7 9. 0-0 c6 10. Ne1 cxd5 11. Nxd5 Nexd5 12. cxd5 Bc5 13. Nd3 Bb6 14. e4 Ne8 15. Kh1 f5 16. f4 fxe4 17. Bxe4 Nf6 18. Bg2 e4 19. Nb4 Bg4 20. Qe1 Re8 21. Be3 Rc8 22. h3 Bf3 23. Rc1 Qd7 24. Kh2 Ba5 25. a3 Nxd5 26. Bd4 Bxg2 27. Kxg2 e3 28. Qe2 Bxb4 29. axb4 Nxb4 30. Rxc8 Qxc8 31. Bxe3 Nd5 32. Rf3 Qc6 33. Kf2 Nxe3 34. Rxe3 Qc5 35. Kf3 Rxe3+ 36. Qxe3 Qxe3+ 37. Kxe3 Kf7 38. Kd4 Ke6 39. g4 g6 40. h4 a5 41. Kc4 h5 42. f5+ gxf5 43. gxh5 d5+ 44. Kd4 Kf6 45. Kxd5 b5 46. Kc5 f4 47. Kd4 a4 48. Ke4 b4 49. h6 a3 50. h7 Kg7 0-1